Game of Thrones Episodes - Statistics

General Stats
  • This quiz has been taken 26 times
  • The average score is 6 of 10
Answer Stats
Hint Answer % Correct
E1 Winter is Coming
95%
E9 Baelor
85%
E10 Fire and Blood
65%
E2 The Kingsroad
65%
E4 Cripples, Bastards, and Broken Things
55%
E3 Lord Snow
55%
E7 You Win or You Die
55%
E8 The Pointy End
45%
E5 The Wolf and the Lion
45%
E6 A Golden Crown
35%
No matching quizzes found
Score Distribution
Percent of People with Each Score
Percentile by Number Answered
Your Score History
You have not taken this quiz